000 00716nam a22002177a 4500
003 DO-SdBNP
005 20211102150238.0
007 ta
008 211102b2011 dr a|||| |||| 00| 0 spa d
040 _aDO-SdBNP
_bspa
_cBNPHU
082 4 _222
_bF316e
100 1 _aFéliz Sánchez, Benjamín
_d1955-
_980462
245 1 0 _aEnriquillo versus Petit-Trou :
_b(apuntes para la historia del municipio) /
_cBenjamín Féliz Sánchez.
260 _aSanto Domingo :
_bSupli-Mosa,
_c2011.
300 _a236 p. :
_bil., retrs. ;
_c23 cm.
500 _aIncluye datos biográficos del autor en las solapas
504 _aBibliografía : p. 227-230
590 _aInventariado, 2021 /LP
910 _aLopérez
942 _2ddc
_cLBS1
999 _c50854
_d50854